Music Quiz

Random Music or Song Quiz

U2 Studio Albums Quiz Stats

 Plays Quiz not verified by Sporcle

Support Sporcle.
Go Orange.
Score 0/137 Timer 20:00
0 Plays Today
Album Song % Correct
WarSunday Bloody Sunday
88.9%
The Joshua TreeWhere The Streets Have No Name
88.9%
The Unforgettable FirePride
86.7%
The Joshua TreeWith Or Without You
86.7%
Rattle And HumPride
86.7%
Achtung BabyOne
86.7%
All That You Can't Leave BehindBeautiful Day
86.7%
The Joshua TreeI Still Haven't Found What I'm Looking For
84.4%
Rattle And HumI Still Haven't Found What I'm Looking For
84.4%
BoyI Will Follow
82.2%
The Joshua TreeBullet The Blue Sky
82.2%
Rattle And HumBullet The Blue Sky
82.2%
How To Dismantle An Atomic BombVertigo
82.2%
Achtung BabyThe Fly
80%
WarNew Year's Day
77.8%
ZooropaZooropa
77.8%
All That You Can't Leave BehindWalk On
77.8%
OctoberGloria
75.6%
OctoberOctober
75.6%
The Unforgettable FireBad
75.6%
The Joshua TreeRed Hill Mining Town
75.6%
All That You Can't Leave BehindStuck In A Moment You Can't Get Out Of
75.6%
All That You Can't Leave BehindElevation
75.6%
War40
73.3%
The Unforgettable FireThe Unforgettable FIre
73.3%
Rattle And HumHelter Skelter
73.3%
All That You Can't Leave BehindKite
73.3%
The Joshua TreeExit
71.1%
The Joshua TreeMothers Of The Disappeared
71.1%
ZooropaNumb
71.1%
No Line On The HorizonNo Line On The Horizon
71.1%
The Joshua TreeRunning To Stand Still
68.9%
Rattle And HumAngel Of Harlem
68.9%
Rattle And HumAll I Want Is You
68.9%
Achtung BabyZoo Station
68.9%
Achtung BabyEven Better Than The Real Thing
68.9%
Achtung BabyWho's Gonna Ride Your Wild Horses
68.9%
Achtung BabyMysterious Ways
68.9%
Achtung BabyAcrobat
68.9%
All That You Can't Leave BehindNew York
68.9%
No Line On The HorizonGet On Your Boots
68.9%
The Unforgettable FireMLK
66.7%
The Joshua TreeIn God's Country
66.7%
The Joshua TreeOne Tree Hill
66.7%
Rattle And HumWhen Love Comes To Town
66.7%
Achtung BabyUntil The End Of The World
66.7%
Album Song % Correct
ZooropaLemon
66.7%
ZooropaStay
66.7%
PopDiscotheque
66.7%
How To Dismantle An Atomic BombSometimes You Can't Make It On Your Own
66.7%
No Line On The HorizonMagnificent
66.7%
No Line On The HorizonBreathe
66.7%
BoyOut Of Control
64.4%
WarSeconds
64.4%
Rattle And HumVan Diemen's Land
64.4%
PopMofo
64.4%
PopStaring At The Sun
64.4%
PopMiami
64.4%
How To Dismantle An Atomic BombCity Of Blinding Lights
64.4%
Rattle And HumDesire
62.2%
Achtung BabyUltraviolet
62.2%
No Line On The HorizonMoment Of Surrender
62.2%
BoyElectric Co.
60%
WarTwo Hearts Beat As One
60%
The Unforgettable FireA Sort Of Homecoming
60%
The Unforgettable FireWire
60%
Rattle And HumHawkmoon 269
60%
Achtung BabyLove Is Blindness
60%
PopGone
60%
PopPlease
60%
All That You Can't Leave BehindGrace
60%
How To Dismantle An Atomic BombMiracle Drug
60%
No Line On The HorizonI'll Go Crazy If I Don't Go Crazy Tonight
60%
BoyAn Cat Dubh
57.8%
BoyThe Ocean
57.8%
The Joshua TreeTrip Through Your Wires
57.8%
Rattle And HumSilver And Gold
57.8%
Achtung BabySo Cruel
57.8%
ZooropaDaddy's Gonna Pay For Your Crashed Car
57.8%
ZooropaThe Wanderer
57.8%
PopIf God Will Send His Angels
57.8%
PopWake Up Dead Man
57.8%
How To Dismantle An Atomic BombLove And Peace Or Else
57.8%
How To Dismantle An Atomic BombA Man And A Woman
57.8%
How To Dismantle An Atomic BombYahweh
57.8%
No Line On The HorizonFEZ - Being Born
57.8%
BoyShadows And Tall Trees
55.6%
The Unforgettable FireElvis Presley And America
55.6%
PopLast Night On Earth
55.6%
All That You Can't Leave BehindWild Honey
55.6%
How To Dismantle An Atomic BombCrumbs From Your Table
55.6%
BoyTwilight
53.3%
Album Song % Correct
BoyInto The Heart
53.3%
BoyStories For Boys
53.3%
OctoberI Threw A Brick Through A Window
53.3%
WarSurrender
53.3%
The Unforgettable FirePromenade
53.3%
Rattle And HumGod Part II
53.3%
Achtung BabyTryin' To Throw Your Arms Around The World
53.3%
PopThe Playboy Mansion
53.3%
PopIf You Wear That Velvet Dress
53.3%
All That You Can't Leave BehindIn A Little While
53.3%
How To Dismantle An Atomic BombOriginal Of The Species
53.3%
No Line On The HorizonUnknown Caller
53.3%
No Line On The HorizonWhite As Snow
53.3%
No Line On The HorizonCedars Of Lebanon
53.3%
OctoberScarlet
51.1%
WarThe Refugee
51.1%
No Line On The HorizonStand Up Comedy
51.1%
The Unforgettable Fire4th Of July
48.9%
Rattle And HumLove Rescue Me
48.9%
Rattle And HumHeartland
48.9%
ZooropaBabyface
48.9%
PopDo You Feel Loved
48.9%
All That You Can't Leave BehindPeace On Earth
48.9%
How To Dismantle An Atomic BombAll Because Of You
48.9%
OctoberRejoice
46.7%
WarRed Light
46.7%
Rattle And HumAll Along The Watchtower
46.7%
Rattle And HumFreedom For My People
46.7%
Rattle And HumThe Star Spangled Banner
46.7%
ZooropaSome Days Are Better Than Others
46.7%
ZooropaThe First Time
46.7%
BoyAnother Time, Another Place
44.4%
OctoberFire
44.4%
OctoberTomorrow
42.2%
WarLike A Song...
42.2%
The Unforgettable FireIndian Summer Sky
42.2%
BoyA Day Without Me
40%
OctoberIs That All?
40%
ZooropaDirty Day
40%
OctoberI Fall Down
37.8%
OctoberWith A Shout
37.8%
OctoberStranger In A Strange Land
37.8%
WarDrowning Man
37.8%
How To Dismantle An Atomic BombOne Step Closer
35.6%
All That You Can't Leave BehindWhen I Look At This World
6.7%

You're not logged in!

Compare scores with friends on all Sporcle quizzes.
OR
Log In

From the Vault

History... Hip Hop Style!

by smac17

Ain't nothin' but a Warren G. Harding thang.
Remove Ads.
Support Sporcle.
Get the best of Sporcle when you Go Orange. This ad-free experience offers more features, more stats, and more fun while also helping to support Sporcle. Thank you for becoming a member.

Show Comments

Extras

Created Sep 23, 2009ReportNominate
Tags:Album Quiz, Song Quiz, studio, track

Top Quizzes Today


Score Distribution

Your Account Isn't Verified!

In order to create a playlist on Sporcle, you need to verify the email address you used during registration. Go to your Sporcle Settings to finish the process.

Report this User

Report this user for behavior that violates our Community Guidelines.

Details: